<?xml version="1.0" encoding="UTF-8"?><?xml-stylesheet type="text/xsl" href="static/style.xsl"?><OAI-PMH xmlns="http://www.openarchives.org/OAI/2.0/" xmlns:xsi="http://www.w3.org/2001/XMLSchema-instance" xsi:schemaLocation="http://www.openarchives.org/OAI/2.0/ http://www.openarchives.org/OAI/2.0/OAI-PMH.xsd"><responseDate>2026-06-04T00:20:52Z</responseDate><request verb="GetRecord" identifier="oai:riubu.ubu.es:10259/11785" metadataPrefix="marc">https://riubu.ubu.es/oai/request</request><GetRecord><record><header><identifier>oai:riubu.ubu.es:10259/11785</identifier><datestamp>2026-06-03T00:05:35Z</datestamp><setSpec>com_10259_4839</setSpec><setSpec>com_10259_5086</setSpec><setSpec>com_10259_2604</setSpec><setSpec>col_10259_4840</setSpec></header><metadata><record xmlns="http://www.loc.gov/MARC21/slim" xmlns:doc="http://www.lyncode.com/xoai" xmlns:xsi="http://www.w3.org/2001/XMLSchema-instance" xmlns:dcterms="http://purl.org/dc/terms/" xsi:schemaLocation="http://www.loc.gov/MARC21/slim http://www.loc.gov/standards/marcxml/schema/MARC21slim.xsd">
<leader>00925njm 22002777a 4500</leader>
<datafield tag="042" ind1=" " ind2=" ">
<subfield code="a">dc</subfield>
</datafield>
<datafield tag="720" ind1=" " ind2=" ">
<subfield code="a">Puente Torre, Paula</subfield>
<subfield code="e">author</subfield>
</datafield>
<datafield tag="720" ind1=" " ind2=" ">
<subfield code="a">Delgado Benito, Vanesa</subfield>
<subfield code="e">author</subfield>
</datafield>
<datafield tag="720" ind1=" " ind2=" ">
<subfield code="a">Rodríguez Cano, Sonia</subfield>
<subfield code="e">author</subfield>
</datafield>
<datafield tag="720" ind1=" " ind2=" ">
<subfield code="a">García Delgado, Miguel Ángel</subfield>
<subfield code="e">author</subfield>
</datafield>
<datafield tag="260" ind1=" " ind2=" ">
<subfield code="c">2025-03</subfield>
</datafield>
<datafield tag="520" ind1=" " ind2=" ">
<subfield code="a">Anxiety is one of the main disorders affecting university students, partly due to&#xd;
the current predominant pace of life and the competitive environment of the university.&#xd;
In this sense, the use of technology to reduce anxiety is one of the main tools available to&#xd;
university students. In order to analyze the current situation of the university population&#xd;
with respect to anxiety levels, both state anxiety and risk anxiety, the State-Trait Anxiety&#xd;
Inventory Questionnaire (STAI) was used and applied to a sample of four hundred and fifty&#xd;
students at the University of Burgos, ensuring the representativeness of this population by&#xd;
means of non-probabilistic sampling. Descriptive research has been carried out to determine&#xd;
the levels of anxiety of students at the University of Burgos. Likewise, the benefits of&#xd;
different studies on the application of technology to reduce anxiety are presented, as well&#xd;
as the applications most used by university students. In general terms, we can consider that&#xd;
the implementation of mindfulness techniques through emerging technologies promotes a&#xd;
reduction in anxiety levels among the university population. However, it is necessary to&#xd;
clarify that the data presented only indicate a correlation, not a relationship of cause and&#xd;
effect. Finally, various proposals for improvement and expansion of the research carried&#xd;
out are offered</subfield>
</datafield>
<datafield tag="024" ind2=" " ind1="8">
<subfield code="a">https://hdl.handle.net/10259/11785</subfield>
</datafield>
<datafield tag="024" ind2=" " ind1="8">
<subfield code="a">10.3390/bs15030310</subfield>
</datafield>
<datafield tag="024" ind2=" " ind1="8">
<subfield code="a">2076-328X</subfield>
</datafield>
<datafield ind1=" " ind2=" " tag="653">
<subfield code="a">Anxiety</subfield>
</datafield>
<datafield ind1=" " ind2=" " tag="653">
<subfield code="a">College students</subfield>
</datafield>
<datafield ind1=" " ind2=" " tag="653">
<subfield code="a">State anxiety</subfield>
</datafield>
<datafield ind1=" " ind2=" " tag="653">
<subfield code="a">Trait anxiety</subfield>
</datafield>
<datafield tag="245" ind1="0" ind2="0">
<subfield code="a">The Impact of Technology on Anxiety Management in University Students</subfield>
</datafield>
</record></metadata></record></GetRecord></OAI-PMH>